000 00599nam a22002297a 4500
003 UA-OsUOA
001 29891
007 ta
008 20041029b un ||||| |||| 00| 0 ukr d
090 _a82.09(47+571)
_bИ17
942 _cBK
040 _aUA-OsUOA
_brus
_cUA-OsUOA
_dUA-OsUOA
245 _aИван Андреевич Крылов
_bПрблемы творчества
_cРед. И. З.Серман
300 _a278 с.
955 _a0
041 _arus
080 _a82.09(47+571)
260 _aЛенинград
_bНаука
_c1975
044 _aRU
650 7 _2UDC
999 _c316290
_d316290